Understanding Transfer of Property Act, 1882 (Record no. 613288)
[ view plain ]
| 000 -LEADER | |
|---|---|
| fixed length control field | 00433nam a22001577a 4500 |
| 020 ## - INTERNATIONAL STANDARD BOOK NUMBER | |
| International Standard Book Number | 9789692209007 |
| 082 ## - DEWEY DECIMAL CLASSIFICATION NUMBER | |
| Classification number | 346.54910438 |
| Author Mark | RIZ |
| 100 ## - MAIN ENTRY--PERSONAL NAME | |
| Personal name | Rizvi, Aatir |
| 245 ## - TITLE STATEMENT | |
| Title | Understanding Transfer of Property Act, 1882 |
| Statement of responsibility, etc. | Aatir Rizvi |
| 250 ## - EDITION STATEMENT | |
| Edition statement | 5th Edition. |
| 260 ## - PUBLICATION, DISTRIBUTION, ETC. | |
| Place of publication, distribution, etc. | Lahore : |
| Name of publisher, distributor, etc. | Al-Syed Law Book House, |
| Date of publication, distribution, etc. | 2024. |
| 300 ## - PHYSICAL DESCRIPTION | |
| Extent | 284 p. |
| 563 ## - BINDING INFORMATION | |
| Binding note | PB. |
| 650 ## - SUBJECT ADDED ENTRY--TOPICAL TERM | |
| Topical term or geographic name entry element | Law, Property Act, 1882 |
| 942 ## - ADDED ENTRY ELEMENTS (KOHA) | |
| Source of classification or shelving scheme | |
| Koha item type | Book |
| 650 ## - SUBJECT ADDED ENTRY--TOPICAL TERM | |
| -- | 128255 |
| Withdrawn status | Lost status | Source of classification or shelving scheme | Damaged status | Not for loan | Permanent Location | Current Location | Date acquired | Total Checkouts | Full call number | Barcode | Checked out | Date last seen | Date last checked out | Price effective from | Koha item type |
|---|---|---|---|---|---|---|---|---|---|---|---|---|---|---|---|
| NUST Law School (NLS) | NUST Law School (NLS) | 03/12/2025 | 1 | 346.54910438 RIZ | NLS-1182 | 03/27/2026 | 02/25/2026 | 02/25/2026 | 03/12/2025 | Book | |||||
| NUST Law School (NLS) | NUST Law School (NLS) | 03/12/2025 | 346.54910438 RIZ | NLS-1183 | 03/12/2025 | 03/12/2025 | Book | ||||||||
| NUST Law School (NLS) | NUST Law School (NLS) | 03/12/2025 | 346.54910438 RIZ | NLS-1184 | 03/12/2025 | 03/12/2025 | Book | ||||||||
| NUST Law School (NLS) | NUST Law School (NLS) | 06/28/2025 | 346.54910438 RIZ | NLS-2414 | 06/28/2025 | 06/28/2025 | Book | ||||||||
| NUST Law School (NLS) | NUST Law School (NLS) | 06/28/2025 | 1 | 346.54910438 RIZ | NLS-2415 | 03/12/2026 | 02/20/2026 | 06/28/2025 | Book | ||||||
| NUST Law School (NLS) | NUST Law School (NLS) | 06/28/2025 | 346.54910438 RIZ | NLS-2413 | 06/28/2025 | 06/28/2025 | Book |
